Playing Card Sort Quiz Stats

 Plays Quiz Updated Sep 9, 2018

Score 0/52 Timer 06:00
1 Play Today
% Correct
 
96.1%
 
93.2%
 
90.8%
 
90.6%
 
89.5%
 
87.9%
 
87.6%
 
86.7%
 
86.7%
 
86.4%
 
86.4%
 
86%
 
85.5%
 
85.4%
 
85.2%
 
84.9%
 
84.8%
 
84.2%
 
84.2%
 
83%
 
82.6%
 
82.2%
 
82%
 
81.1%
 
80.8%
 
80.6%
% Correct
 
80.5%
 
80.5%
 
80.2%
 
79.7%
 
79.7%
 
79.2%
 
78.9%
 
78.8%
 
78.3%
 
78.2%
 
78.1%
 
77.9%
 
77.3%
 
77%
 
76.5%
 
76.2%
 
76%
 
75%
 
74.8%
 
74%
 
72.5%
 
72.1%
 
70.7%
 
70.3%
 
70%
 
67.1%

You're not logged in!

Compare scores with friends on all Sporcle quizzes.
OR
Log In

You Might Also Like...

Show Comments

Extras

Top Quizzes Today


Score Distribution

Your Account Isn't Verified!

In order to create a playlist on Sporcle, you need to verify the email address you used during registration. Go to your Sporcle Settings to finish the process.

Report this User

Report this user for behavior that violates our Community Guidelines.

Details: